Welcome to CU Library Online Public Access Catalogue (OPAC)

Principles of Scamper and Hierarchy in Architecture (Record no. 271)

MARC details
000 -LEADER
fixed length control field 00638nam a22001937a 4500
005 - DATE AND TIME OF LATEST TRANSACTION
control field 20241028110925.0
008 - FIXED-LENGTH DATA ELEMENTS--GENERAL INFORMATION
fixed length control field 241028b |||||||| |||| 00| 0 eng d
020 ## - INTERNATIONAL STANDARD BOOK NUMBER
International Standard Book Number 9789988328948
050 ## - LIBRARY OF CONGRESS CALL NUMBER
Classification number NA2542
Item number .T7Ko79
100 ## - MAIN ENTRY--PERSONAL NAME
Personal name Koranteng, Christian
245 ## - TITLE STATEMENT
Title Principles of Scamper and Hierarchy in Architecture
Statement of responsibility, etc. Christian Koranteng, Barbara Simons & Kwabena Abrokwa Gyimah
250 ## - EDITION STATEMENT
Edition statement 1st Ed.
260 ## - PUBLICATION, DISTRIBUTION, ETC.
Place of publication, distribution, etc. Kumasi, Ghana
Name of publisher, distributor, etc. University Press, Kumasi
Date of publication, distribution, etc. 2021
300 ## - PHYSICAL DESCRIPTION
Extent vii. 106pages
Other physical details ill. some color
Dimensions 22cm
650 ## - SUBJECT ADDED ENTRY--TOPICAL TERM
Source of heading or term Architecture
700 ## - ADDED ENTRY--PERSONAL NAME
Personal name Simons, Barbara
700 ## - ADDED ENTRY--PERSONAL NAME
Personal name Gyimah, Kwabena Abrokwa
942 ## - ADDED ENTRY ELEMENTS (KOHA)
Source of classification or shelving scheme Library of Congress Classification
Koha item type Books
Edition 1st Ed.
Suppress in OPAC No
999 ## -
-- 271
-- 271
Holdings
Withdrawn status Lost status Source of classification or shelving scheme Damaged status Not for loan Collection Home library Current library Shelving location Date acquired Total checkouts Full call number Barcode Date last seen Copy number Price effective from Koha item type
    Library of Congress Classification     Non-fiction Science Library (Miotso) Science Library (Miotso) General stacks 10/28/2024   NA2542 .T7Ko79 KOR SLM00000093 10/28/2024 1 10/28/2024 Books
    Library of Congress Classification     Non-fiction Science Library (Miotso) Science Library (Miotso) General stacks 10/28/2024   NA2542 .T7Ko79 KOR SLM00000094 10/28/2024 2 10/28/2024 Books
    Library of Congress Classification     Non-fiction Science Library (Miotso) Science Library (Miotso) General stacks 10/28/2024   NA2542 .T7Ko79 KOR SLM00000095 10/28/2024 3 10/28/2024 Books
    Library of Congress Classification     Non-fiction Science Library (Miotso) Science Library (Miotso) General stacks 10/28/2024   NA2542 .T7Ko79 KOR SLM00000096 10/28/2024 4 10/28/2024 Books
    Library of Congress Classification     Non-fiction Science Library (Miotso) Science Library (Miotso) General stacks 10/28/2024   NA2542 .T7Ko79 KOR SLM00000097 10/28/2024 5 10/28/2024 Books
    Library of Congress Classification     Non-fiction Science Library (Miotso) Science Library (Miotso) General stacks 10/28/2024   NA2542 .T7Ko79 KOR SLM00000098 10/28/2024 6 10/28/2024 Books
    Library of Congress Classification     Non-fiction Science Library (Miotso) Science Library (Miotso) General stacks 10/28/2024   NA2542 .T7Ko79 KOR SLM00000099 10/28/2024 7 10/28/2024 Books
    Library of Congress Classification     Non-fiction Science Library (Miotso) Science Library (Miotso) General stacks 10/28/2024   NA2542 .T7Ko79 KOR SLM00000100 10/28/2024 8 10/28/2024 Books
    Library of Congress Classification     Non-fiction Science Library (Miotso) Science Library (Miotso) General stacks 10/28/2024   NA2542 .T7Ko79 KOR SLM00000101 10/28/2024 9 10/28/2024 Books
    Library of Congress Classification     Non-fiction Science Library (Miotso) Science Library (Miotso) General stacks 10/28/2024   NA2542 .T7Ko79 KOR SLM00000102 10/28/2024 10 10/28/2024 Books
© 2023-2024 Copyright: Central University Libraries. All Rights Reserved | Created by: Mahone Tech Office